000
00316nam a2200133Ia 4500
100
_a
Tompkins G. Bill
650
_a
General
942
_c
RB
654
_a
Project Cost Control
245
_a
Project Cost Control For Managers
260
_b
Jaico Publishing House
_a
Bombay
_c
1991
300
_a
162
546
_a
ENGLISH
999
_c
31478
_d
31478